Proceedings of Equadiff III /

Guardado en:
Autores Corporativos: Conference on Differential Equations and Their Applications Brno, Czechoslovakia), Ceskoslovenská akademie ved., Univerzita J.E. Purkyne v Brne.
Formato: Libro
Idioma:English
French
Publicado: Brno : J. E. Purkyne University, 1973.
Series:Folia Facultatis Scientiarum Naturalium Universitatis Purkynianae Brunensis : Seria Monographia ; t. 1
Etiquetas: Agregar Etiqueta
Sin Etiquetas, Sea el primero en etiquetar este registro!
LEADER 01210cam a22002535i 4500
001 MAT.inmabb001992
008 771111s1973####cs#######b####100#0#eng#d
005 20170615121858.0
245 1 0 |a Proceedings of Equadiff III /  |c III. Czechoslovak Conference on Differential Equations and Their Applications. 
260 |a Brno :  |b J. E. Purkyne University,  |c 1973. 
300 |a 283 p. ;  |c 25 cm. 
490 1 |a Folia Facultatis Scientiarum Naturalium Universitatis Purkynianae Brunensis : Seria Monographia ; t. 1 
500 |a "Organized by Czechoslovakia Academy of Sciences and J. E. Purkyne University Brno." 
546 |a English or French. 
504 |a Includes bibliographies. 
510 4 |a MR,  |c 49 #3253 
111 2 |a Conference on Differential Equations and Their Applications  |n (3ª :  |d 1972 :  |c Brno, Czechoslovakia) 
710 2 |a Ceskoslovenská akademie ved. 
710 2 |a Univerzita J.E. Purkyne v Brne. 
810 |a Universita J. E. Purkyne v Brne.  |b Prírodovedecká fakulta.  |t Folia Facultatis Scientiarum Naturalium Universitatis Purkynianae Brunensis : Monographia ;  |v t. 1. 
084 |a 34-06 (35-06 65-06)  |2 MR 
010 |a  77562541  
041 0 |a eng  |a fre 
859 |h 34  |i C748-3  |p A-3620  |b BIB. MATEMATICA